000 01213pam a2200277 a 4500
999 _c128623
_d128623
001 2454203
003 ARRUPE
005 20181122093701.0
008 890418r19891988nyu d 000 0 eng
010 _a 89033731
020 _a0886875706 :
_c$19.95
040 _aDLC
_cDLC
_dDLC
050 0 0 _aREF. PE1460
_b.B655
_aPE1464
082 0 0 _a428/.003
_220
245 0 4 _aBloomsbury good word guide /
_cedited by Martin H. manser
250 _a2nd. ed.
260 _aLondon :
_bBloomsbury Publishing Limited,
_c1990.
300 _axv, 317 p. ;
_c20 cm.
650 0 _aEnglish language
_xUsage
_xDictionaries.
_943038
700 1 _aManser, Martin H.
_943574
740 0 _aBloomsbury good word guide.
906 _a7
_bcbc
_corignew
_d1
_eocip
_f19
_gy-gencatlg
942 _2lcc
_cREFERENCE